banner koha

Efeito do espacamento e densidade de semeadura sobre o rendimento de graos e outros componentes do rendimento em arroz de varzea no Mato Grosso do Sul [Oryza sativa; Brasil] (Registro n. 313031)

MARC details
000 -LÍDER
campo de controle de tamanho fixo 01382naa a22003377a 4500
001 - NÚMERO DE CONTROLE
campo de controle BR8100469
003 - IDENTIFICADOR DO NÚMERO DE CONTROLE
campo de controle BR-BrBNA
005 - DATA E HORÁRIO DA ÚLTIMA TRANSAÇÃO
campo de controle 20240918174716.0
007 - CAMPO FIXO DE DESCRIÇÃO FÍSICA--INFORMAÇÃO GERAL
campo de controle de tamanho fixo ta
008 - CAMPO DE DADOS FIXOS--INFORMAÇÃO GERAL
campo de controle de tamanho fixo 230509b bl.||||| |||| 00| 0 por d
040 ## - FONTE DA CATALOGAÇÃO
Instituição da catalogação original BR-BrBNA
Idioma da catalogação por
Instituição que transcreveu o registro Biblioteca Nacional de Agricultura
041 ## - CÓDIGO DE IDIOMA
Código do idioma do texto/trilha sonora ou título diferente (Pt)
072 ## - CÓDIGO DE CATEGORIA DE ASSUNTO
Código de Categoria de Assunto F00
Código do objeto 0150
-- G514
090 ## - NÚMERO DE CHAMADA LOCAL
Número de chamada F00 BR8100469
100 1# - ENTRADA PRINCIPAL--NOME PESSOAL
Nome pessoal Heckler, J.C.
245 1# - TÍTULO
Título Efeito do espacamento e densidade de semeadura sobre o rendimento de graos e outros componentes do rendimento em arroz de varzea no Mato Grosso do Sul [Oryza sativa; Brasil]
246 1# - FORMA VARIANTE DO TÍTULO
Título/título abreviado [Effect of spacing and sowing density on grain yield and other yield components of lowland rice in the state of Mato Grosso do Sul [Oryza sativa; Brazil]]
246 1# - FORMA VARIANTE DO TÍTULO
Título/título abreviado [Results of rice crop research 1979/80]
260 3# - PUBLICAÇÃO, DISTRIBUIÇÃO, ETC.
Local de publicação, distribuição, etc. Dourados, MS (Brasil):
Data da publicação, distribuição, etc. 1980.
500 ## - NOTA GERAL
Nota geral Resultados de pesquisa com a cultura do arroz em 1979/80<br/>Dourados, MS (Brasil): 1980. p. 23-28<br/>(BR8100469-AM)F00<br/>
650 ## - ASSUNTO--TERMO TÓPICO
Cabeçalho tópico ou nome geográfico Producao vegetal
650 ## - ASSUNTO--TERMO TÓPICO
Cabeçalho tópico ou nome geográfico Arroz
650 ## - ASSUNTO--TERMO TÓPICO
Cabeçalho tópico ou nome geográfico Espacamento
650 ## - ASSUNTO--TERMO TÓPICO
Cabeçalho tópico ou nome geográfico Densidade de semeadura
650 ## - ASSUNTO--TERMO TÓPICO
Cabeçalho tópico ou nome geográfico Pratica cultural
650 ## - ASSUNTO--TERMO TÓPICO
Cabeçalho tópico ou nome geográfico Rendimento
650 ## - ASSUNTO--TERMO TÓPICO
Cabeçalho tópico ou nome geográfico Mato Grosso do Sul
773 0# - ENTRADA ANALÍTICA
Título Resultados de pesquisa com a cultura do arroz em 1979/80
Número de controle do registro F00 BR8100469
Partes relacionadas Dourados, MS (Brasil), 1980. p. 23-28
909 ## -
-- 202404
-- Lucia
-- 55
-- Lucia Elande
942 ## - ELEMENTOS DE ENTRADA ADICIONADOS (KOHA)
Tipo de material Koha Capítulo-Livro
Fonte da classificação ou esquema de arquivamento na estante Classificação AGRIS
Exemplares
Situação do descarte Fonte da classificação ou esquema de arquivamento na estante Situação física Não pode ser emprestado Coleção Biblioteca de origem Biblioteca atual Localização na estante Total de empréstimos Número de telefone completo Data de último acesso Número do exemplar Tipo de material Koha Situação das perdas Data de aquisição Fonte de aquisição
  Classificação AGRIS       Biblioteca Nacional de Agricultura - Binagri Biblioteca Nacional de Agricultura - Binagri Agrobase - Acervo Geral   0336 BR9605101 20/05/2024 01 Capítulo-Livro   2024-04-11 Portaria Interministerial nº 164/94

BINAGRI

Telefone: (61)3218-2567/2388/3357/2097 - binagri@agro.gov.br

Ministério da Agricultura e Pecuária , Esplanada dos Ministérios, Bloco D, Anexo B, Brasília/DF, CEP: 70.043-900